000 00387nam a2200157Ia 4500
003 OSt
008 191201s2005 xx 000 0 und d
082 _a543.223
_bKAS
100 _aKALSI, P S
245 0 _aStereo Chemistry Conformation and Mechanism
250 _a6th
260 _aN.Delhi
_bNew Age International Pub
_c2005
300 _a628
650 _aB.Tech(ECE)
942 _2ddc
_cBK
999 _c1036
_d1036